Радиоэкология и экологическая радиохимия: учебник для бакалавриата и магистратуры

Bibliografiske detaljer
Hovedforfatter: Бекман И. Н. Игорь Николаевич
Summary:Серия "Университеты России" позволит высшим учебным заведениям нашей страны использовать в образовательном процессе учебники и учебные пособия по различным дисциплинам, подготовленные преподавателями лучших университетов России и впервые опубликованные в издательствах университетов. Все представленные в этой серии учебники прошли экспертную оценку учебно-методического отдела издательства и публикуются в оригинальной редакции. В книге представлены методы оценки интегрального экологического риска, связанного с использован нем радионуклидов и (или) испускаемых ими ионизирующих излучений. Приведены некоторые сведения по радиоактивности, ионизирующим излучениям, ядерно-физическим свойствам наиболее опасных радиоактивных изотопов и способам расчета радиационных доз, получаемых человеком, населением и популяцией. Рассмотрены источники поступления радионуклидов в различные компоненты среды обитания и дан анализ современного загрязнения радионуклидами почв, атмосферы, воды, растений и животных. Обсуждены методы математического описания процессов миграции радиоактивных веществ.
Sprog:russisk
Udgivet: Москва, Юрайт, 2019
Udgivelse:2-е изд., испр. и доп.
Serier:Университеты России
Fag:
Format: Bog
KOHA link:https://koha.lib.tpu.ru/cgi-bin/koha/opac-detail.pl?biblionumber=322269

MARC

LEADER 00000nam0a2200000 4500
001 322269
005 20231102003446.0
010 |a 9785534004410 
035 |a (RuTPU)RU\TPU\book\347825 
090 |a 322269 
100 |a 20160922d2019 m y0rusy50 ca 
101 0 |a rus 
102 |a RU 
105 |a a j 001zy 
200 1 |a Радиоэкология и экологическая радиохимия  |e учебник для бакалавриата и магистратуры  |f И. Н. Бекман 
205 |a 2-е изд., испр. и доп. 
210 |a Москва  |c Юрайт  |d 2019 
215 |a 409 с.  |c ил. 
225 1 |a Университеты России 
320 |a Библиогр.: с. 407-409 
330 |a Серия "Университеты России" позволит высшим учебным заведениям нашей страны использовать в образовательном процессе учебники и учебные пособия по различным дисциплинам, подготовленные преподавателями лучших университетов России и впервые опубликованные в издательствах университетов. Все представленные в этой серии учебники прошли экспертную оценку учебно-методического отдела издательства и публикуются в оригинальной редакции. В книге представлены методы оценки интегрального экологического риска, связанного с использован нем радионуклидов и (или) испускаемых ими ионизирующих излучений. Приведены некоторые сведения по радиоактивности, ионизирующим излучениям, ядерно-физическим свойствам наиболее опасных радиоактивных изотопов и способам расчета радиационных доз, получаемых человеком, населением и популяцией. Рассмотрены источники поступления радионуклидов в различные компоненты среды обитания и дан анализ современного загрязнения радионуклидами почв, атмосферы, воды, растений и животных. Обсуждены методы математического описания процессов миграции радиоактивных веществ. 
606 1 |a Радиоэкология  |2 stltpush  |3 (RuTPU)RU\TPU\subj\23334  |9 47947 
606 1 |a Радиохимия  |2 stltpush  |3 (RuTPU)RU\TPU\subj\23297  |9 47919 
610 1 |a учебники 
610 1 |a экологическая радиохимия 
610 1 |a физические основы 
610 1 |a биологические основы 
610 1 |a экологические риски 
610 1 |a юридические основы 
610 1 |a охрана окружающей среды 
610 1 |a радиоактивные элементы 
610 1 |a радон 
610 1 |a радионуклиды 
610 1 |a биосистемы 
610 1 |a ядерная индустрия 
675 |a 544.58(075.8)  |v 4 
675 |a 577.346:574(075.8)  |v 4 
700 1 |a Бекман  |b И. Н.  |g Игорь Николаевич 
801 1 |a RU  |b 63413507  |c 20160922 
801 2 |a RU  |b 63413507  |c 20190626  |g RCR 
942 |c BK 
959 |a 4/20170125  |d 1  |e 959,00  |f ЧЗТЛ:1